| 000 | 00582nam a2200169 a 4500 | ||
|---|---|---|---|
| 005 | 20230310063540.0 | ||
| 008 | 010313s1988 mx r 000 0 spa d | ||
| 035 | _aUPN01000006789 | ||
| 049 | _aF | ||
| 050 | 4 |
_aJL1294 _bC3.7 |
|
| 245 | 1 | 0 |
_aCarlos Salinas de Gortari : _bpresident elect : resolution of the Electoral College of the Chamber of Deputies. |
| 260 |
_a[México : _bNational College of Political Sciences and Public, _c1988]. |
||
| 300 | _a43 p. | ||
| 650 | 2 |
_aElecciones _zMéxico _95520 |
|
| 610 | 1 | 4 |
_aMEXICO. _bPRESIDENTE (1988-1994 : SALINAS DE GORTARI) |
| 905 | _aLibro | ||
| 999 |
_c6789 _d6789 |
||